El coronel / (Record no. 168531)

MARC details
000 -LEADER
campo de control de longitud fija 00613nam a22001935i 4500
001 - NÚMERO DE CONTROL
campo de control 168531
003 - IDENTIFICADOR DE NÚMERO DE CONTROL
campo de control ES-MaACL
005 - FECHA Y HORA DE LA ÚLTIMA TRANSACCIÓN
campo de control 20230906213820.0
008 - DATOS DE LONGITUD FIJA--INFORMACIÓN GENERAL
campo de control de longitud fija 080417s1973 sp |||| | spa d
080 ## - NÚMERO DE LA CLASIFICACIÓN DECIMAL UNIVERSAL
Número de la Clasificación Decimal Universal 929 Miasoiédov, Serguei Nikolaievich(0:884-3)
100 1# - ENTRADA PRINCIPAL--NOMBRE DE PERSONA
Nombre de persona MacKiewicz, Josep.
9 (RLIN) 137612
245 13 - MENCIÓN DEL TÍTULO
Título El coronel /
Mención de responsabilidad, etc. Josep Mackiewicz ; [versión Manuel Picos].
250 ## - MENCION DE EDICION
Mención de edición 1ª ed.
260 ## - PUBLICACIÓN, DISTRIBUCIÓN, ETC.
Lugar de publicación, distribución, etc. Barcelona :
Nombre del editor, distribuidor, etc. Luis de Caralt,
Fecha de publicación, distribución, etc. 1973.
300 ## - DESCRIPCIÓN FÍSICA
Extensión 510 p. ;
Dimensiones 20 cm.
600 14 - PUNTO DE ACCESO ADICIONAL DE MATERIA--NOMBRE DE PERSONA
Nombre de persona Miasoiédov, Serguei Nikolaievich.
9 (RLIN) 137613
700 1# - ENTRADA AGREGADA--NOMBRE PERSONAL
Nombre de persona Picos, Manuel.
9 (RLIN) 91881
852 ## - LOCALIZACIÓN
Ubicación ES-MaACL
Número de control de estantería C-54078
itemnumber R.87029
Holdings
Estatus retirado Estado de pérdida Estado de daño No para préstamo Biblioteca de origen Biblioteca actual Ubicación en estantería Fecha de adquisición Fuente de adquisición Total de préstamos Signatura topográfica completa Código de barras Visto por última vez Precio de reemplazo Tipo de ítem Koha
        Biblioteca del Ateneo de Madrid Biblioteca del Ateneo de Madrid Depósito 2 17/04/2008     C-54078 1176856 23/02/2023 23/02/2023 Libro impreso